| 000 | 00718nam a22002177a 4500 | ||
|---|---|---|---|
| 003 | OSt | ||
| 005 | 20260122200145.0 | ||
| 008 | 230521b ||||| |||| 00| 0 eng d | ||
| 040 |
_aSSBUL _cSSBUL |
||
| 041 | _ashan | ||
| 082 | _a652.3 | ||
| 245 | _aဢၵ်ႉၶရတႆးလႄႈၽွၼ်ႉလိၵ်ႈတႆး။ | ||
| 260 | _c2011 | ||
| 300 |
_a54 ၼႃႈ _c15 ၸိၼ်ႇထီႇ |
||
| 500 | _aS-SAT: Dr. Prof Sai Aung Tun | ||
| 500 | _aပပ်ႉၸဝ်ႈတႃႇၼႁင်းၶေႃ တွၵ်ႉတိူဝ်ႇၸၢႆးဢွင်ႇထုၼ်း | ||
| 650 |
_aၽွၼ်ႉလိၵ်ႈတႆး _924195 |
||
| 942 | _cBK1 | ||
| 942 | _2ddc | ||
| 942 | _2ddc | ||
| 999 |
_c24618 _d24618 |
||